[Event "MNT-chTA"]
[Site "Cetinje"]
[Date "2012.09.09"]
[Round "3"]
[White "Lekic, Lazar"]
[Black "Cadjenovic, Dragan"]
[Result "1-0"]
[WhiteElo "2037"]
[BlackElo "1879"]
[PlyCount "95"]
[EventDate "2012.09.07"]
[EventType "team-tourn"]
[EventRounds "9"]
[EventCountry "MNE"]
[SourceTitle "CBM 150 Extra"]
[Source "ChessBase"]
[SourceDate "2012.10.19"]
[SourceVersion "1"]
[SourceVersionDate "2012.10.19"]
[SourceQuality "1"]

1. e4 d6 2. Nc3 Nf6 3. d4 c6 4. f4 Nbd7 5. Nf3 e6 6. e5 Nd5 7. Ne4 dxe5 8. fxe5 Be7 9. a3 h6 10. c4 Nc7 11. Bd3 0-0 12. 0-0 f5 13. exf6 Nxf6 14. b3 Nxe4 15. Bxe4 Bf6 16. Bb2 Ne8 17. Qe2 Nd6 18. Bc2 Nf5 19. Rad1 Qe8 20. Ne5 Bd7 21. Qe4 g6 22. g4 Nh4 23. Nxg6 Nxg6 24. Qxg6+ Qxg6 25. Bxg6 Rad8 26. Be4 Bc8 27. b4 Rd7 28. Rd3 Rg7 29. h3 h5 30. Rdf3 Be7 31. Rxf8+ Bxf8 32. d5 Re7 33. d6 Rd7 34. c5 hxg4 35. hxg4 Bg7 36. Bf6 Bxf6 37. Rxf6 Rg7 38. Rg6 a6 39. Kf2 Kf7 40. Rxg7+ Kxg7 41. Kf3 Kf6 42. Kf4 Bd7 43. g5+ Kf7 44. Ke5 Kg7 45. Bc2 Bc8 46. g6 Bd7 47. Bb3 Kxg6 48. Bxe6 1-0